El feriado anual
Uloženo v:
| Hlavní autor: | |
|---|---|
| Médium: | Kniha |
| Jazyk: | španělština |
| Vydáno: |
Santiago
Thomson Reuters Puntolex
2011
|
| Témata: | |
| Tagy: |
Přidat tag
Žádné tagy, Buďte první, kdo vytvoří štítek k tomuto záznamu!
|
MARC
| LEADER | 00000cam a2200000 a 4500 | ||
|---|---|---|---|
| 001 | UCG9329 | ||
| 003 | CL-VaPUC | ||
| 008 | 120309e20110000CL |||||||||||||||||spa|d | ||
| 020 | |a 9789563370966 | ||
| 082 | 0 | 4 | |a 344.83012576 |b NAD |2 21 |
| 100 | |a Nadal Serri, Daniel |e autor |9 295027 | ||
| 245 | 1 | 3 | |a El feriado anual |
| 300 | |a 476 p | ||
| 942 | |c BK | ||
| 945 | |d 20120309 00:00:00 |a dcastane | ||
| 260 | |a Santiago |b Thomson Reuters Puntolex |c 2011 | ||
| 650 | 7 | |a DERECHO LABORAL |2 CL-VaPUC |9 15 | |
| 650 | 0 | |a Código del trabajo |9 255479 | |
| 650 | 7 | |a FINIQUITO |2 CL-VaPUC |9 540819 | |
| 650 | 7 | |a INDEMNIZACIONES |2 CL-VaPUC |9 335327 | |
| 650 | 7 | |a JORNADA DE TRABAJO |2 CL-VaPUC |9 388087 | |
| 650 | 7 | |a FERIADO ANUAL |2 CL-VaPUC |9 540820 | |
| 650 | 7 | |a REMUNERACIONES |2 CL-VaPUC |9 371777 | |
| 583 | |a last modification |c 20170803 12:57:05 |k Rodrigo Vera | ||
| 999 | |c 346887 |d 346885 | ||
| 952 | |0 0 |1 0 |4 0 |6 344_830125760000000_NAD_2011 |7 0 |8 A |9 447826 |a BIBDER |b BIBDER |d 2019-11-22 |i 4795490 |o 344.83012576 NAD 2011 |p 4795490 |r 2023-01-25 |w 2019-11-22 |y BK |k DER | ||
| 952 | |0 0 |1 0 |3 erb |4 0 |6 344_830125760000000_NAD_2011 |7 0 |8 A |9 447827 |a BIBGIM |b BIBGIM |i 509027K |o 344.83012576 NAD 2011 |p 509027K |r 2025-01-15 |w 2019-11-22 |y BK |z Catalogado en:20140717 |k COM | ||